[Event "Regionalliga NW 1011"]
[Site "Bayern"]
[Date "2011.04.10"]
[Round "9.4"]
[White "Lindner, Marco"]
[Black "Malzer, Werner"]
[Result "1/2-1/2"]
[WhiteElo "1946"]
[BlackElo "1949"]
[PlyCount "27"]
[EventDate "2010.10.10"]
[EventType "team-tourn"]
[EventRounds "9"]
[EventCountry "GER"]
[SourceTitle "EXT 2012"]
[Source "ChessBase"]
[SourceDate "2011.11.24"]
[SourceVersion "1"]
[SourceVersionDate "2011.11.24"]
[SourceQuality "1"]
[WhiteTeam "Mainaschaff"]
[BlackTeam "Kirchenlaibach"]
[WhiteTeamCountry "GER"]
[BlackTeamCountry "GER"]

1. d4 d5 2. Nf3 Nf6 3. Bf4 e6 4. e3 Bd6 5. Bd3 h6 6. 0-0 Bxf4 7. exf4 0-0 8. Nbd2 Nbd7 9. Re1 c5 10. c3 c4 11. Bc2 b6 12. Nf1 Bb7 13. Ne3 Ne4 14. f5 1/2-1/2

[Event "Oberfranken-ch M 0809"]
[Site "Schney"]
[Date "2009.01.03"]
[Round "4"]
[White "Malzer, Werner"]
[Black "Kuespert, Helmut"]
[Result "1-0"]
[WhiteElo "1910"]
[BlackElo "2050"]
[PlyCount "93"]
[EventDate "2009.01.02"]
[EventType "swiss"]
[EventRounds "7"]
[EventCountry "GER"]
[SourceTitle "CBM 128 Extra"]
[Source "ChessBase"]
[SourceDate "2009.03.05"]
[SourceVersion "2"]
[SourceVersionDate "2009.03.25"]
[SourceQuality "1"]

1. e4 c5 2. f4 b6 3. Nc3 Bb7 4. Nf3 Nf6 5. d3 g6 6. Be2 Bg7 7. Ne5 d6 8. Ng4 Nxg4 9. Bxg4 h5 10. Bf3 Nd7 11. Ne2 e6 12. c3 Qc7 13. Be3 f5 14. Qb3 c4 15. Qc2 Nc5 16. Bxc5 Qxc5 17. d4 Qc7 18. 0-0-0 d5 19. exf5 exf5 20. Rde1 Kf7 21. g3 Rae8 22. Rhf1 Re7 23. Ng1 Rhe8 24. Qd2 Qd7 25. Bd1 Rxe1 26. Rxe1 Rxe1 27. Qxe1 Qe7 28. Qd2 Bc6 29. Nf3 Kg8 30. Nh4 Kh7 31. Ng2 Qe4 32. Nh4 Bf6 33. Bf3 Qe6 34. Ng2 b5 35. Qe3 Qd6 36. Qd2 a5 37. Ne3 b4 38. Qg2 Qe6 39. Kd2 bxc3+ 40. bxc3 Qd6 41. Bxd5 Ba4 42. Nxc4 Qb8 43. Bb7 Qc7 44. Qd5 Be8 45. Nd6 Bd7 46. Qf7+ Bg7 47. Ne8 1-0

[Event "Oberfranken-ch M 0809"]
[Site "Schney"]
[Date "2009.01.02"]
[Round "1"]
[White "Geisensetter, Franz"]
[Black "Malzer, Werner"]
[Result "1-0"]
[WhiteElo "2073"]
[BlackElo "1910"]
[PlyCount "31"]
[EventDate "2009.01.02"]
[EventType "swiss"]
[EventRounds "7"]
[EventCountry "GER"]
[SourceTitle "CBM 128 Extra"]
[Source "ChessBase"]
[SourceDate "2009.03.05"]
[SourceVersion "2"]
[SourceVersionDate "2009.03.25"]
[SourceQuality "1"]

1. e4 c5 2. Nf3 a6 3. c3 Nc6 4. d4 e6 5. d5 exd5 6. exd5 Qe7+ 7. Be2 Ne5 8. Nxe5 Qxe5 9. 0-0 Nf6 10. Re1 Be7 11. Bf3 Qd6 12. g3 Kf8 13. Bf4 Qb6 14. Qe2 Bd6 15. Na3 Bxf4 16. Qe7+ 1-0

[Event "Hohenloher op 10th"]
[Site "Forchtenberg"]
[Date "2003.06.19"]
[Round "1"]
[White "Malzer, Werner"]
[Black "Ksieski, Zbigniew"]
[Result "0-1"]
[WhiteElo "1874"]
[BlackElo "2403"]
[PlyCount "40"]
[EventDate "2003.06.19"]
[EventType "swiss"]
[EventRounds "7"]
[EventCountry "GER"]
[SourceTitle "EXT 2004"]
[Source "ChessBase"]
[SourceDate "2003.11.25"]
[SourceVersion "1"]
[SourceVersionDate "2003.11.25"]
[SourceQuality "1"]

1. e4 c5 2. Nf3 Nc6 3. d4 cxd4 4. Nxd4 e6 5. g3 Bc5 6. Nxc6 bxc6 7. Bg2 Ba6 8. b3 Qf6 9. Be3 Bxe3 10. fxe3 Qxa1 11. c4 Qxa2 12. 0-0 Ne7 13. Nc3 Qb2 14. Na4 Qe5 15. Rf4 Rb8 16. Rh4 g6 17. Rf4 Bb5 18. cxb5 cxb5 19. Qf1 bxa4 20. bxa4 0-0 0-1

[Event "Bad Woerishofen op 17th"]
[Site "Bad Woerishofen"]
[Date "2001.??.??"]
[Round "5"]
[White "Klein, Reinhard"]
[Black "Malzer, Werner"]
[Result "0-1"]
[WhiteElo "1602"]
[BlackElo "1854"]
[PlyCount "80"]
[EventDate "2001.03.15"]
[EventType "swiss"]
[EventRounds "9"]
[EventCountry "GER"]
[SourceTitle "CBM 081 Extra"]
[Source "ChessBase"]
[SourceDate "2001.05.06"]
[SourceVersion "1"]
[SourceVersionDate "2001.05.06"]
[SourceQuality "1"]

1. d4 d5 2. c4 e6 3. Nf3 Nf6 4. Nc3 Be7 5. Bg5 0-0 6. e3 b6 7. Qc2 Bb7 8. cxd5 Nxd5 9. Bxe7 Nxe7 10. Be2 Nd7 11. 0-0 c5 12. Rfd1 Qc7 13. Rac1 Rac8 14. Ng5 g6 15. Bf3 Bxf3 16. Nxf3 c4 17. Qa4 Qc6 18. Qb5 a6 19. Qxa6 Ra8 20. Qb5 Qxb5 21. Nxb5 Rxa2 22. Rc2 Ra5 23. Nd6 b5 24. b3 cxb3 25. Rb2 Nc8 26. Ne4 Ncb6 27. Rxb3 Nd5 28. Nd6 b4 29. Kf1 Nc3 30. Rc1 Ra4 31. Ng5 Nf6 32. f3 Nfd5 33. Re1 Ra3 34. Rxa3 bxa3 35. Nge4 a2 36. Nc4 Nb1 37. Kf2 a1Q 38. Ncd2 Rb8 39. Kg3 Qa2 40. Re2 Rb2 0-1

[Event "Bad Woerishofen op 17th"]
[Site "Bad Woerishofen"]
[Date "2001.??.??"]
[Round "1"]
[White "Matzat, Andre"]
[Black "Malzer, Werner"]
[Result "1-0"]
[WhiteElo "2245"]
[BlackElo "1854"]
[PlyCount "67"]
[EventDate "2001.03.15"]
[EventType "swiss"]
[EventRounds "9"]
[EventCountry "GER"]
[SourceTitle "CBM 081 Extra"]
[Source "ChessBase"]
[SourceDate "2001.05.06"]
[SourceVersion "1"]
[SourceVersionDate "2001.05.06"]
[SourceQuality "1"]

1. Nf3 Nf6 2. c4 c5 3. d4 cxd4 4. Nxd4 g6 5. Nc3 Bg7 6. e4 d6 7. Be2 Nbd7 8. 0-0 0-0 9. Be3 Nc5 10. f3 a6 11. Qd2 Bd7 12. Bd1 Rc8 13. b4 Ne6 14. Bb3 Ne8 15. Nd5 f5 16. Nb6 f4 17. Bf2 Nxd4 18. Bxd4 Rc6 19. Nxd7 Qxd7 20. Ba4 b5 21. cxb5 Rc8 22. Bb3+ Kh8 23. bxa6 Qb5 24. a7 Nc7 25. Rfc1 e5 26. Bf2 g5 27. a4 Qd7 28. b5 g4 29. b6 gxf3 30. gxf3 Qh3 31. Rxc7 Rxc7 32. bxc7 Rf6 33. a8Q+ Bf8 34. Qxd6 1-0